| 000 | 00731nam a22002657a 4500 | ||
|---|---|---|---|
| 008 | 130514b xxu||||| |||| 00| 0 eng d | ||
| 020 | _a81-7224-801-6 | ||
| 024 | _cAvailable | ||
| 037 | _cAvailable | ||
| 040 |
_aMBSTU LIBRARY _dMBSTU LIBRARY |
||
| 082 |
_222 _a428 HOH |
||
| 100 | _aHollander, P. Scott. | ||
| 110 | _aL.W.Kingsland. | ||
| 245 | _aHand writing analysis. | ||
| 260 |
_aDelhi _bJaico Publishing House. _c2001 |
||
| 300 |
_a24 cm. _b313 page _f1 _g24 cm. |
||
| 600 | _aBasic english. | ||
| 650 | _2Basic english. | ||
| 700 | _aHollander, P. Scott. | ||
| 710 | _aL.W.Kingsland. | ||
| 270 |
_a Delhi _bDelhi _dIndia |
||
| 365 |
_b320.00 _d320.00 |
||
| 942 |
_2ddc _cBK |
||
| 999 |
_c392 _d392 |
||